000 00484nam a2200181Ia 4500
001 12888
005 20260306163013.0
008 260306t2003||||xx |||||||||||||| ||spa||
041 _aESP
082 _aRD 443
_bE96
100 _aLopez Varela, Raquel (Dir)
_eAUT
245 0 _aEverest cima :
_bDiccionario español-frances - Dictionnaire Français-espagnol
260 _c2003
300 _a1050 páginas :
_c20 cm.
650 _aGEN
654 _aCHU
942 _cDIC
_dJUS
_fJUS
_2ddc
_n
999 _c12888
_d12888